000 00284nam a2200121Ia 4500
008 190216s9999||||xx |||||||||||||| ||und||
100 _aMuktak
245 0 _aHindi-Chetoo Ki Athmakatha
260 _bGlobal Exchange Publishers
_c2008
300 _a152
650 _aHindi
942 _cBK
999 _c16540
_d16540